Greater job expectations yield higher compensation (Record no. 74446)

MARC details
000 -LEADER
fixed length control field 00913cab a2200229 4500
001 - CONTROL NUMBER
control field ABS67963
008 - FIXED-LENGTH DATA ELEMENTS--GENERAL INFORMATION
fixed length control field 040629n2004 000 0 eng u
035 ## - SYSTEM CONTROL NUMBER
System control number (Sirsi) u126618
100 ## - MAIN ENTRY--PERSONAL NAME
Personal name Chapman, P.
245 ## - TITLE STATEMENT
Title Greater job expectations yield higher compensation
260 ## - PUBLICATION, DISTRIBUTION, ETC.
Date of publication, distribution, etc. 2004
490 ## - SERIES STATEMENT
Series statement National Real Estate Investor
Volume/sequential designation 46(6) June 2004, 29-35(5)
520 ## - SUMMARY, ETC.
Summary, etc. New research by the Institute of Real Estate Management shows that for property managers, extra duties equal better pay. While property management has become more financially rewarding, the research also reveals that the profession has struggled over the past decade to recruit young talent. Tables. Graphs. US article.
590 ## - LOCAL NOTE (RLIN)
Local note ABS
650 ## - SUBJECT ADDED ENTRY--TOPICAL TERM
Topical term or geographic name entry element RANKINGS
650 ## - SUBJECT ADDED ENTRY--TOPICAL TERM
Topical term or geographic name entry element SALARY SURVEY
650 ## - SUBJECT ADDED ENTRY--TOPICAL TERM
Topical term or geographic name entry element PROPERTY MANAGERS
650 ## - SUBJECT ADDED ENTRY--TOPICAL TERM
Topical term or geographic name entry element UNITED STATES
650 ## - SUBJECT ADDED ENTRY--TOPICAL TERM
Topical term or geographic name entry element REAL ESTATE
690 ## - LOCAL SUBJECT ADDED ENTRY--TOPICAL TERM (OCLC, RLIN)
Topical term or geographic name as entry element PROPERTY MANAGEMENT
9 (RLIN) 6262
942 ## - ADDED ENTRY ELEMENTS (KOHA)
Suppress in OPAC 0
Holdings
Withdrawn status Lost status Source of classification or shelving scheme Damaged status Not for loan Home library Current library Shelving location Date acquired Total Checkouts Full call number Barcode Date last seen Copy number Price effective from Koha item type
    Dewey Decimal Classification     London London Journal article 29/06/2004   ABS67963 126618-1001 06/08/2019 1 06/08/2019 Journal article